Les vrais noms des Super-Héros MARVEL - Statistiques

Statistiques générales
  • Ce quiz a été pris 464 fois
    459 depuis la dernière actualisation
  • Le résultat moyen est 14 sur 19
Statistiques - réponses
Noms Super-Héros % Correct
Tony Stark Iron Man
98%
Bruce Banner Hulk
97%
Peter Parker Spider-Man
96%
Steve Rogers Captain America
95%
Natasha Romanoff Black Widow
90%
Scott Lang Ant Man
86%
T'Challa Black Panther
83%
Stephen Strange Doctor Strange
82%
Wanda Maximoff La Sorcière Rouge
77%
Bucky Barnes Le Soldat de l'Hiver
72%
Peter Quill Star-Lord
72%
Carol Danvers Captain Marvel
70%
Samuel Wilson Falcon
67%
Clint Barton Oeil de Faucon
63%
James Rhodes War-Machine
62%
Wade Wilson Deadpool
60%
Pietro Maximoff Quicksilver
58%
Matthew Murdock Daredevil
53%
Frank Castle The Punisher
44%
Aucun quiz correspondant
Distribution des résultats
% des personnes avec chaque résultat
Percentile par nombre de réponses
Votre historique - résultats
Vous n’avez pas pris ce quiz depuis la dernière actualisation